000 01444cam a2200361 a 4500
001 EDZ0000116314
003 StDuBDS
005 20161031105109.0
006 m||||||||d||||||||
007 cr |||||||||||
008 130111s2006 enka fo| 000|0|eng|d
020 _a9781446261064 (ebook) :
_cNo price
040 _aStDuBDS
_beng
_cStDuBDS
_epn
049 _aAlfaisal Main Library
050 0 _aH61
_b.C5245 2006
082 0 4 _a300.72
_223
245 0 0 _aComparative methods in the social sciences
_h[electronic resource] /
_cedited by Alan Sica.
260 _aLondon :
_bSAGE,
_c2006.
300 _a1 online resource (4 v.) :
_bill.
490 1 _aSAGE benchmarks in social research methods
520 8 _aThis collection brings together 77 articles and book chapters from key sources, spanning the history of comparative analysis in the social sciences, from ancient to modern works.
521 _aSpecialized.
588 _aDescription based on print version record.
504 _aIncludes bibliographical references.
650 0 _aSocial sciences
_xComparative methods.
655 7 _aElectronic books.
_2local
700 1 _aSica, Alan,
_d1949-
710 2 _aSage eBooks
776 0 8 _iPrint version :
_z9781412911443
830 0 _aSAGE benchmarks in social research methods.
856 4 0 _uhttp://ezproxy.alfaisal.edu/login?url=http://sk.sagepub.com/navigator/comparative-methods-in-the-social-sciences
942 _2lcc
_cEBOOKS
999 _c479250
_d479250